| 000 | 01037nam a2200313 i 4500 | ||
|---|---|---|---|
| 999 |
_c200429910 _d47836 |
||
| 001 | 200429910 | ||
| 003 | TR-AnTOB | ||
| 005 | 20230621165829.0 | ||
| 007 | ta | ||
| 008 | 171223s2017 tu tur d | ||
| 020 | _a9786050827002 | ||
| 040 |
_aTR-AnTOB _beng _erda _cTR-AnTOB _dTR-AnTOB |
||
| 041 | 0 | _atur | |
| 050 | 0 | 0 |
_aDS27 _b.O235 2017 |
| 090 |
_aDS27 _b.O235 2017 |
||
| 100 | 1 |
_aOcak, Ahmet Yaşar _d1945- _4author _914046 |
|
| 245 | 1 | 0 |
_aSelçuklular, Osmanlılar ve İslam : _btespitler, problemler, öneriler / _cAhmet Yaşar Ocak. |
| 250 |
_a1. Baskı _bAralık 2017, İstanbul |
||
| 264 | 1 |
_aİstanbul : _bTimaş Yayınları, _c2017. |
|
| 300 |
_a285 pages ; _c24 cm. |
||
| 336 |
_atext _2rdacontent _btxt |
||
| 337 |
_aunmediated _2rdamedia _bn |
||
| 338 |
_avolume _2rdacarrier _bnc |
||
| 490 | 0 |
_aTimaş Yayınları ; _v4367 _aTarih İnceleme Araştırma dizisi ; _v92 |
|
| 500 | _aIncludes index. | ||
| 650 | 7 |
_aSelçuklular _xTarih _2etuturkob _98479 |
|
| 942 |
_2lcc _cBK |
||